000 00343nam a2200133Ia 4500
008 230917s9999||||xx |||||||||||||| ||und||
040 _e158958
_aMAIN
041 _aEnglish
082 _a301.35 R137H
100 _aRajender Parsad
245 0 _aHaryana ke ek goan ki samajik, aarthik evam rajnitik sanrachna
300 _a118 p.
942 _cTH
999 _c72445
_d72445